<?xml version="1.0" encoding="UTF-8"?>
<record
    xmlns:xsi="http://www.w3.org/2001/XMLSchema-instance"
    xsi:schemaLocation="http://www.loc.gov/MARC21/slim http://www.loc.gov/standards/marcxml/schema/MARC21slim.xsd"
    xmlns="http://www.loc.gov/MARC21/slim">

  <leader>01262cam a2200325 a 4500</leader>
  <datafield tag="999" ind1=" " ind2=" ">
    <subfield code="c">1794</subfield>
    <subfield code="d">1794</subfield>
  </datafield>
  <controlfield tag="001">14808569</controlfield>
  <controlfield tag="005">20181015082304.0</controlfield>
  <controlfield tag="008">070414s2006    njua     d    001 0 eng  </controlfield>
  <datafield tag="010" ind1=" " ind2=" ">
    <subfield code="a">  2007277644</subfield>
  </datafield>
  <datafield tag="020" ind1=" " ind2=" ">
    <subfield code="a">9780911910001</subfield>
  </datafield>
  <datafield tag="040" ind1=" " ind2=" ">
    <subfield code="a">DLC</subfield>
    <subfield code="c">DLC</subfield>
    <subfield code="d">DLC</subfield>
  </datafield>
  <datafield tag="050" ind1="0" ind2="0">
    <subfield code="a">REF RS 51.M4 2006</subfield>
  </datafield>
  <datafield tag="245" ind1="0" ind2="4">
    <subfield code="a">The Merck index/</subfield>
    <subfield code="b">an encyclopedia of chemicals, drugs, and biologicals/</subfield>
    <subfield code="c">Maryadele J. O'Neil, editor ... [et al.].</subfield>
  </datafield>
  <datafield tag="250" ind1=" " ind2=" ">
    <subfield code="a">14th ed.</subfield>
  </datafield>
  <datafield tag="260" ind1=" " ind2=" ">
    <subfield code="a">Whitehouse Station, N.J. :</subfield>
    <subfield code="b">Merck,</subfield>
    <subfield code="c">2006.</subfield>
  </datafield>
  <datafield tag="300" ind1=" " ind2=" ">
    <subfield code="a">1 v. (various pagings) :</subfield>
    <subfield code="b">ill. ;</subfield>
    <subfield code="c">26 cm. +</subfield>
    <subfield code="e">1 CD-ROM (4 3/4 in.)</subfield>
  </datafield>
  <datafield tag="500" ind1=" " ind2=" ">
    <subfield code="a">ill. on lining papers.</subfield>
  </datafield>
  <datafield tag="500" ind1=" " ind2=" ">
    <subfield code="a">Includes indexes.</subfield>
  </datafield>
  <datafield tag="650" ind1=" " ind2="0">
    <subfield code="a">Drugs</subfield>
    <subfield code="v">Dictionaries.</subfield>
  </datafield>
  <datafield tag="650" ind1=" " ind2="0">
    <subfield code="a">Chemicals</subfield>
    <subfield code="v">Dictionaries.</subfield>
  </datafield>
  <datafield tag="650" ind1=" " ind2="0">
    <subfield code="a">Biomolecules</subfield>
    <subfield code="v">Dictionaries.</subfield>
  </datafield>
  <datafield tag="700" ind1="1" ind2=" ">
    <subfield code="a">O'Neil, Maryadele J.</subfield>
  </datafield>
  <datafield tag="856" ind1="4" ind2="2">
    <subfield code="3">Publisher description</subfield>
    <subfield code="u">http://www.loc.gov/catdir/enhancements/fy0739/2007277644-d.html</subfield>
  </datafield>
  <datafield tag="906" ind1=" " ind2=" ">
    <subfield code="a">7</subfield>
    <subfield code="b">cbc</subfield>
    <subfield code="c">origcop</subfield>
    <subfield code="d">2</subfield>
    <subfield code="e">ncip</subfield>
    <subfield code="f">20</subfield>
    <subfield code="g">y-gencatlg</subfield>
  </datafield>
  <datafield tag="942" ind1=" " ind2=" ">
    <subfield code="2">lcc</subfield>
    <subfield code="c">REF_BOOK</subfield>
    <subfield code="h">REF RS 51 .M4 2006</subfield>
  </datafield>
  <datafield tag="952" ind1=" " ind2=" ">
    <subfield code="0">0</subfield>
    <subfield code="1">0</subfield>
    <subfield code="2">lcc</subfield>
    <subfield code="4">0</subfield>
    <subfield code="7">0</subfield>
    <subfield code="a">MUC</subfield>
    <subfield code="b">MUC</subfield>
    <subfield code="d">2015-07-01</subfield>
    <subfield code="e">Donation</subfield>
    <subfield code="l">0</subfield>
    <subfield code="o">RS 51 .M4 2006</subfield>
    <subfield code="p">5809</subfield>
    <subfield code="r">2019-06-04</subfield>
    <subfield code="w">2015-07-01</subfield>
    <subfield code="y">REF_BOOK</subfield>
  </datafield>
  <datafield tag="952" ind1=" " ind2=" ">
    <subfield code="0">0</subfield>
    <subfield code="1">0</subfield>
    <subfield code="2">lcc</subfield>
    <subfield code="4">0</subfield>
    <subfield code="7">0</subfield>
    <subfield code="a">MUC</subfield>
    <subfield code="b">MUC</subfield>
    <subfield code="d">2015-07-06</subfield>
    <subfield code="e">Donation (BFA)</subfield>
    <subfield code="l">0</subfield>
    <subfield code="o">RS 51 .M4 2006</subfield>
    <subfield code="p">6040</subfield>
    <subfield code="r">2019-06-07</subfield>
    <subfield code="w">2015-07-06</subfield>
    <subfield code="y">REF_BOOK</subfield>
  </datafield>
  <datafield tag="952" ind1=" " ind2=" ">
    <subfield code="0">0</subfield>
    <subfield code="1">0</subfield>
    <subfield code="2">lcc</subfield>
    <subfield code="4">0</subfield>
    <subfield code="7">0</subfield>
    <subfield code="a">MUC</subfield>
    <subfield code="b">MUC</subfield>
    <subfield code="d">2015-07-06</subfield>
    <subfield code="e">Donation (BFA)</subfield>
    <subfield code="l">0</subfield>
    <subfield code="o">RS 51 .M4 2006</subfield>
    <subfield code="p">6038</subfield>
    <subfield code="r">2019-06-03</subfield>
    <subfield code="w">2015-07-06</subfield>
    <subfield code="y">REF_BOOK</subfield>
  </datafield>
  <datafield tag="952" ind1=" " ind2=" ">
    <subfield code="0">0</subfield>
    <subfield code="1">0</subfield>
    <subfield code="2">lcc</subfield>
    <subfield code="4">0</subfield>
    <subfield code="7">0</subfield>
    <subfield code="a">MUC</subfield>
    <subfield code="b">MUC</subfield>
    <subfield code="d">2015-07-06</subfield>
    <subfield code="e">Donation (BFA)</subfield>
    <subfield code="l">0</subfield>
    <subfield code="o">RS 51 .M4 2006</subfield>
    <subfield code="p">6037</subfield>
    <subfield code="r">2015-07-06</subfield>
    <subfield code="w">2015-07-06</subfield>
    <subfield code="y">REF_BOOK</subfield>
  </datafield>
  <datafield tag="952" ind1=" " ind2=" ">
    <subfield code="0">0</subfield>
    <subfield code="1">0</subfield>
    <subfield code="2">lcc</subfield>
    <subfield code="4">0</subfield>
    <subfield code="7">0</subfield>
    <subfield code="a">MUC</subfield>
    <subfield code="b">MUC</subfield>
    <subfield code="d">2015-07-06</subfield>
    <subfield code="e">Donation (BFA)</subfield>
    <subfield code="l">0</subfield>
    <subfield code="o">RS 51 .M4 2006</subfield>
    <subfield code="p">6036</subfield>
    <subfield code="r">2019-06-03</subfield>
    <subfield code="w">2015-07-06</subfield>
    <subfield code="y">REF_BOOK</subfield>
  </datafield>
  <datafield tag="952" ind1=" " ind2=" ">
    <subfield code="0">0</subfield>
    <subfield code="1">0</subfield>
    <subfield code="2">lcc</subfield>
    <subfield code="4">0</subfield>
    <subfield code="7">0</subfield>
    <subfield code="a">MUC</subfield>
    <subfield code="b">MUC</subfield>
    <subfield code="d">2015-07-06</subfield>
    <subfield code="e">Donation (BFA)</subfield>
    <subfield code="l">0</subfield>
    <subfield code="o">RS 51 .M4 2006</subfield>
    <subfield code="p">6035</subfield>
    <subfield code="r">2015-07-06</subfield>
    <subfield code="w">2015-07-06</subfield>
    <subfield code="y">REF_BOOK</subfield>
  </datafield>
  <datafield tag="952" ind1=" " ind2=" ">
    <subfield code="0">0</subfield>
    <subfield code="1">0</subfield>
    <subfield code="2">lcc</subfield>
    <subfield code="4">0</subfield>
    <subfield code="7">0</subfield>
    <subfield code="a">MUC</subfield>
    <subfield code="b">MUC</subfield>
    <subfield code="d">2015-07-06</subfield>
    <subfield code="e">Donation (BFA)</subfield>
    <subfield code="l">0</subfield>
    <subfield code="o">RS 51 .M4 2006</subfield>
    <subfield code="p">6032</subfield>
    <subfield code="r">2018-05-21</subfield>
    <subfield code="w">2015-07-06</subfield>
    <subfield code="y">REF_BOOK</subfield>
  </datafield>
  <datafield tag="952" ind1=" " ind2=" ">
    <subfield code="0">0</subfield>
    <subfield code="1">0</subfield>
    <subfield code="2">lcc</subfield>
    <subfield code="4">0</subfield>
    <subfield code="7">0</subfield>
    <subfield code="a">MUC</subfield>
    <subfield code="b">MUC</subfield>
    <subfield code="d">2015-07-06</subfield>
    <subfield code="e">Donation (BFA)</subfield>
    <subfield code="l">0</subfield>
    <subfield code="o">REF RS 51 .M4 2006</subfield>
    <subfield code="p">6024</subfield>
    <subfield code="r">2019-06-03</subfield>
    <subfield code="w">2015-07-06</subfield>
    <subfield code="y">REF_BOOK</subfield>
  </datafield>
  <datafield tag="952" ind1=" " ind2=" ">
    <subfield code="0">0</subfield>
    <subfield code="1">0</subfield>
    <subfield code="2">lcc</subfield>
    <subfield code="4">0</subfield>
    <subfield code="7">0</subfield>
    <subfield code="a">MUC</subfield>
    <subfield code="b">MUC</subfield>
    <subfield code="d">2015-07-06</subfield>
    <subfield code="e">Donation (BFA)</subfield>
    <subfield code="l">0</subfield>
    <subfield code="o">RS 51 .M4 2006</subfield>
    <subfield code="p">6031</subfield>
    <subfield code="r">2019-06-04</subfield>
    <subfield code="w">2015-07-06</subfield>
    <subfield code="y">REF_BOOK</subfield>
  </datafield>
  <datafield tag="952" ind1=" " ind2=" ">
    <subfield code="0">0</subfield>
    <subfield code="1">0</subfield>
    <subfield code="2">lcc</subfield>
    <subfield code="4">0</subfield>
    <subfield code="7">0</subfield>
    <subfield code="a">MUC</subfield>
    <subfield code="b">MUC</subfield>
    <subfield code="d">2015-07-06</subfield>
    <subfield code="e">Donation (BFA)</subfield>
    <subfield code="l">0</subfield>
    <subfield code="o">RS 51 .M4 2006</subfield>
    <subfield code="p">6027</subfield>
    <subfield code="r">2019-06-03</subfield>
    <subfield code="w">2015-07-06</subfield>
    <subfield code="y">REF_BOOK</subfield>
  </datafield>
  <datafield tag="952" ind1=" " ind2=" ">
    <subfield code="0">0</subfield>
    <subfield code="1">0</subfield>
    <subfield code="2">lcc</subfield>
    <subfield code="4">0</subfield>
    <subfield code="7">0</subfield>
    <subfield code="a">MUC</subfield>
    <subfield code="b">MUC</subfield>
    <subfield code="d">2015-07-06</subfield>
    <subfield code="e">Donation (BFA)</subfield>
    <subfield code="l">0</subfield>
    <subfield code="o">RS 51 .M4 2006</subfield>
    <subfield code="p">6039</subfield>
    <subfield code="r">2019-06-04</subfield>
    <subfield code="w">2015-07-06</subfield>
    <subfield code="y">REF_BOOK</subfield>
  </datafield>
  <datafield tag="952" ind1=" " ind2=" ">
    <subfield code="0">0</subfield>
    <subfield code="1">0</subfield>
    <subfield code="2">lcc</subfield>
    <subfield code="4">0</subfield>
    <subfield code="7">0</subfield>
    <subfield code="a">MUC</subfield>
    <subfield code="b">MUC</subfield>
    <subfield code="c">REF</subfield>
    <subfield code="d">2015-07-06</subfield>
    <subfield code="e">Donation (BFA)</subfield>
    <subfield code="l">0</subfield>
    <subfield code="o">REF RS 51 .M4 2006</subfield>
    <subfield code="p">6026</subfield>
    <subfield code="r">2019-06-04</subfield>
    <subfield code="w">2015-07-06</subfield>
    <subfield code="y">REF_BOOK</subfield>
  </datafield>
  <datafield tag="952" ind1=" " ind2=" ">
    <subfield code="0">0</subfield>
    <subfield code="1">0</subfield>
    <subfield code="2">lcc</subfield>
    <subfield code="4">0</subfield>
    <subfield code="7">0</subfield>
    <subfield code="a">MUC</subfield>
    <subfield code="b">MUC</subfield>
    <subfield code="d">2015-07-06</subfield>
    <subfield code="e">Donation (BFA)</subfield>
    <subfield code="l">0</subfield>
    <subfield code="o">RS 51 .M4 2006</subfield>
    <subfield code="p">6025</subfield>
    <subfield code="r">2021-05-11</subfield>
    <subfield code="w">2015-07-06</subfield>
    <subfield code="y">REF_BOOK</subfield>
  </datafield>
  <datafield tag="952" ind1=" " ind2=" ">
    <subfield code="0">0</subfield>
    <subfield code="1">0</subfield>
    <subfield code="2">lcc</subfield>
    <subfield code="4">0</subfield>
    <subfield code="7">0</subfield>
    <subfield code="a">MUC</subfield>
    <subfield code="b">MUC</subfield>
    <subfield code="d">2015-07-06</subfield>
    <subfield code="e">Donation (BFA)</subfield>
    <subfield code="l">0</subfield>
    <subfield code="o">RS 51 .M4 2006</subfield>
    <subfield code="p">6034</subfield>
    <subfield code="r">2015-07-06</subfield>
    <subfield code="w">2015-07-06</subfield>
    <subfield code="y">REF_BOOK</subfield>
  </datafield>
  <datafield tag="952" ind1=" " ind2=" ">
    <subfield code="0">0</subfield>
    <subfield code="1">0</subfield>
    <subfield code="2">lcc</subfield>
    <subfield code="4">0</subfield>
    <subfield code="7">0</subfield>
    <subfield code="a">MUC</subfield>
    <subfield code="b">MUC</subfield>
    <subfield code="d">2015-07-06</subfield>
    <subfield code="e">Donation (BFA)</subfield>
    <subfield code="l">0</subfield>
    <subfield code="o">RS 51 .M4 2006</subfield>
    <subfield code="p">6033</subfield>
    <subfield code="r">2015-07-06</subfield>
    <subfield code="w">2015-07-06</subfield>
    <subfield code="y">REF_BOOK</subfield>
  </datafield>
  <datafield tag="952" ind1=" " ind2=" ">
    <subfield code="0">0</subfield>
    <subfield code="1">0</subfield>
    <subfield code="2">lcc</subfield>
    <subfield code="4">0</subfield>
    <subfield code="7">0</subfield>
    <subfield code="a">MUC</subfield>
    <subfield code="b">MUC</subfield>
    <subfield code="d">2015-07-06</subfield>
    <subfield code="e">Donation (BFA)</subfield>
    <subfield code="l">0</subfield>
    <subfield code="o">RS 51 .M4 2006</subfield>
    <subfield code="p">6030</subfield>
    <subfield code="r">2021-12-09</subfield>
    <subfield code="w">2015-07-06</subfield>
    <subfield code="y">REF_BOOK</subfield>
  </datafield>
  <datafield tag="952" ind1=" " ind2=" ">
    <subfield code="0">0</subfield>
    <subfield code="1">0</subfield>
    <subfield code="2">lcc</subfield>
    <subfield code="4">0</subfield>
    <subfield code="7">0</subfield>
    <subfield code="a">MUC</subfield>
    <subfield code="b">MUC</subfield>
    <subfield code="d">2015-07-06</subfield>
    <subfield code="e">Donation (BFA)</subfield>
    <subfield code="l">0</subfield>
    <subfield code="o">RS 51 .M4 2006</subfield>
    <subfield code="p">6029</subfield>
    <subfield code="r">2019-06-03</subfield>
    <subfield code="w">2015-07-06</subfield>
    <subfield code="y">REF_BOOK</subfield>
  </datafield>
  <datafield tag="952" ind1=" " ind2=" ">
    <subfield code="0">0</subfield>
    <subfield code="1">0</subfield>
    <subfield code="2">lcc</subfield>
    <subfield code="4">0</subfield>
    <subfield code="7">0</subfield>
    <subfield code="a">MUC</subfield>
    <subfield code="b">MUC</subfield>
    <subfield code="d">2015-07-06</subfield>
    <subfield code="e">Donation (BFA)</subfield>
    <subfield code="l">0</subfield>
    <subfield code="o">RS 51 .M4 2006</subfield>
    <subfield code="p">6028</subfield>
    <subfield code="r">2019-06-04</subfield>
    <subfield code="w">2015-07-06</subfield>
    <subfield code="y">REF_BOOK</subfield>
  </datafield>
  <datafield tag="952" ind1=" " ind2=" ">
    <subfield code="0">0</subfield>
    <subfield code="1">0</subfield>
    <subfield code="2">lcc</subfield>
    <subfield code="4">0</subfield>
    <subfield code="7">0</subfield>
    <subfield code="a">MUC</subfield>
    <subfield code="b">MUC</subfield>
    <subfield code="d">2015-07-06</subfield>
    <subfield code="e">Donation (BFA)</subfield>
    <subfield code="l">0</subfield>
    <subfield code="o">RS 51 .M4 2006</subfield>
    <subfield code="p">6023</subfield>
    <subfield code="r">2015-07-06</subfield>
    <subfield code="w">2015-07-06</subfield>
    <subfield code="y">REF_BOOK</subfield>
  </datafield>
  <datafield tag="952" ind1=" " ind2=" ">
    <subfield code="0">0</subfield>
    <subfield code="1">0</subfield>
    <subfield code="2">lcc</subfield>
    <subfield code="4">0</subfield>
    <subfield code="7">0</subfield>
    <subfield code="a">MUC</subfield>
    <subfield code="b">MUC</subfield>
    <subfield code="d">2015-07-06</subfield>
    <subfield code="e">Donation (BFA)</subfield>
    <subfield code="l">0</subfield>
    <subfield code="o">RS 51 .M4 2006</subfield>
    <subfield code="p">6022</subfield>
    <subfield code="r">2015-07-06</subfield>
    <subfield code="w">2015-07-06</subfield>
    <subfield code="y">REF_BOOK</subfield>
  </datafield>
  <datafield tag="952" ind1=" " ind2=" ">
    <subfield code="0">0</subfield>
    <subfield code="1">0</subfield>
    <subfield code="2">lcc</subfield>
    <subfield code="4">0</subfield>
    <subfield code="7">0</subfield>
    <subfield code="a">MUC</subfield>
    <subfield code="b">MUC</subfield>
    <subfield code="d">2015-07-06</subfield>
    <subfield code="e">Donation (BFA)</subfield>
    <subfield code="l">0</subfield>
    <subfield code="o">RS 51 .M4 2006</subfield>
    <subfield code="p">6020</subfield>
    <subfield code="r">2015-07-06</subfield>
    <subfield code="w">2015-07-06</subfield>
    <subfield code="y">REF_BOOK</subfield>
  </datafield>
  <datafield tag="952" ind1=" " ind2=" ">
    <subfield code="0">0</subfield>
    <subfield code="1">0</subfield>
    <subfield code="2">lcc</subfield>
    <subfield code="4">0</subfield>
    <subfield code="7">0</subfield>
    <subfield code="a">MUC</subfield>
    <subfield code="b">MUC</subfield>
    <subfield code="d">2015-07-06</subfield>
    <subfield code="e">Donation (BFA)</subfield>
    <subfield code="l">0</subfield>
    <subfield code="o">RS 51 .M4 2006</subfield>
    <subfield code="p">6021</subfield>
    <subfield code="r">2019-06-04</subfield>
    <subfield code="w">2015-07-06</subfield>
    <subfield code="y">REF_BOOK</subfield>
  </datafield>
  <datafield tag="952" ind1=" " ind2=" ">
    <subfield code="0">0</subfield>
    <subfield code="1">0</subfield>
    <subfield code="2">lcc</subfield>
    <subfield code="4">0</subfield>
    <subfield code="7">0</subfield>
    <subfield code="a">MUC</subfield>
    <subfield code="b">MUC</subfield>
    <subfield code="d">2015-07-06</subfield>
    <subfield code="e">Donation (BFA)</subfield>
    <subfield code="l">0</subfield>
    <subfield code="o">RS 51 .M4 2006</subfield>
    <subfield code="p">6041</subfield>
    <subfield code="r">2018-10-03</subfield>
    <subfield code="w">2015-07-06</subfield>
    <subfield code="y">REF_BOOK</subfield>
  </datafield>
  <datafield tag="952" ind1=" " ind2=" ">
    <subfield code="0">0</subfield>
    <subfield code="1">0</subfield>
    <subfield code="2">lcc</subfield>
    <subfield code="4">0</subfield>
    <subfield code="7">0</subfield>
    <subfield code="a">MUC</subfield>
    <subfield code="b">MUC</subfield>
    <subfield code="d">2016-04-19</subfield>
    <subfield code="e">donation</subfield>
    <subfield code="l">0</subfield>
    <subfield code="o">REF RS 51.M4 2006</subfield>
    <subfield code="p">20634</subfield>
    <subfield code="r">2019-06-03</subfield>
    <subfield code="w">2016-04-19</subfield>
    <subfield code="y">REF_BOOK</subfield>
  </datafield>
  <datafield tag="952" ind1=" " ind2=" ">
    <subfield code="0">0</subfield>
    <subfield code="1">0</subfield>
    <subfield code="2">lcc</subfield>
    <subfield code="4">0</subfield>
    <subfield code="7">0</subfield>
    <subfield code="a">MUC</subfield>
    <subfield code="b">MUC</subfield>
    <subfield code="d">2016-04-19</subfield>
    <subfield code="e">donation</subfield>
    <subfield code="l">0</subfield>
    <subfield code="o">REF RS 51.M4 2006</subfield>
    <subfield code="p">20635</subfield>
    <subfield code="r">2016-04-19</subfield>
    <subfield code="w">2016-04-19</subfield>
    <subfield code="y">REF_BOOK</subfield>
  </datafield>
  <datafield tag="952" ind1=" " ind2=" ">
    <subfield code="0">0</subfield>
    <subfield code="1">0</subfield>
    <subfield code="2">lcc</subfield>
    <subfield code="4">0</subfield>
    <subfield code="7">0</subfield>
    <subfield code="a">MUC</subfield>
    <subfield code="b">MUC</subfield>
    <subfield code="d">2016-04-19</subfield>
    <subfield code="e">donation</subfield>
    <subfield code="l">0</subfield>
    <subfield code="o">REF RS 51.M4 2006</subfield>
    <subfield code="p">20636</subfield>
    <subfield code="r">2019-06-03</subfield>
    <subfield code="w">2016-04-19</subfield>
    <subfield code="y">REF_BOOK</subfield>
  </datafield>
  <datafield tag="952" ind1=" " ind2=" ">
    <subfield code="0">0</subfield>
    <subfield code="1">0</subfield>
    <subfield code="2">lcc</subfield>
    <subfield code="4">0</subfield>
    <subfield code="7">0</subfield>
    <subfield code="a">MUC</subfield>
    <subfield code="b">MUC</subfield>
    <subfield code="d">2016-04-19</subfield>
    <subfield code="e">donation</subfield>
    <subfield code="l">0</subfield>
    <subfield code="o">REF RS 51.M4 2006</subfield>
    <subfield code="p">20637</subfield>
    <subfield code="r">2019-06-03</subfield>
    <subfield code="w">2016-04-19</subfield>
    <subfield code="y">REF_BOOK</subfield>
  </datafield>
  <datafield tag="952" ind1=" " ind2=" ">
    <subfield code="0">0</subfield>
    <subfield code="1">0</subfield>
    <subfield code="2">lcc</subfield>
    <subfield code="4">0</subfield>
    <subfield code="7">0</subfield>
    <subfield code="a">MUC</subfield>
    <subfield code="b">MUC</subfield>
    <subfield code="d">2016-04-19</subfield>
    <subfield code="e">donation</subfield>
    <subfield code="l">0</subfield>
    <subfield code="o">REF RS 51.M4 2006</subfield>
    <subfield code="p">20638</subfield>
    <subfield code="r">2019-06-03</subfield>
    <subfield code="w">2016-04-19</subfield>
    <subfield code="y">REF_BOOK</subfield>
  </datafield>
  <datafield tag="952" ind1=" " ind2=" ">
    <subfield code="0">0</subfield>
    <subfield code="1">0</subfield>
    <subfield code="2">lcc</subfield>
    <subfield code="4">0</subfield>
    <subfield code="7">0</subfield>
    <subfield code="a">MUC</subfield>
    <subfield code="b">MUC</subfield>
    <subfield code="d">2016-04-19</subfield>
    <subfield code="e">donation</subfield>
    <subfield code="l">0</subfield>
    <subfield code="o">REF RS 51.M4 2006</subfield>
    <subfield code="p">20639</subfield>
    <subfield code="r">2016-04-19</subfield>
    <subfield code="w">2016-04-19</subfield>
    <subfield code="y">REF_BOOK</subfield>
  </datafield>
  <datafield tag="952" ind1=" " ind2=" ">
    <subfield code="0">0</subfield>
    <subfield code="1">0</subfield>
    <subfield code="2">lcc</subfield>
    <subfield code="4">0</subfield>
    <subfield code="7">0</subfield>
    <subfield code="a">MUC</subfield>
    <subfield code="b">MUC</subfield>
    <subfield code="d">2016-04-19</subfield>
    <subfield code="e">donation</subfield>
    <subfield code="l">0</subfield>
    <subfield code="o">REF RS 51.M4 2006</subfield>
    <subfield code="p">20640</subfield>
    <subfield code="r">2016-04-19</subfield>
    <subfield code="w">2016-04-19</subfield>
    <subfield code="y">REF_BOOK</subfield>
  </datafield>
  <datafield tag="952" ind1=" " ind2=" ">
    <subfield code="0">0</subfield>
    <subfield code="1">0</subfield>
    <subfield code="2">lcc</subfield>
    <subfield code="4">0</subfield>
    <subfield code="7">0</subfield>
    <subfield code="a">MUC</subfield>
    <subfield code="b">MUC</subfield>
    <subfield code="d">2016-04-19</subfield>
    <subfield code="e">donation</subfield>
    <subfield code="l">0</subfield>
    <subfield code="o">REF RS 51.M4 2006</subfield>
    <subfield code="p">20641</subfield>
    <subfield code="r">2019-06-03</subfield>
    <subfield code="w">2016-04-19</subfield>
    <subfield code="y">REF_BOOK</subfield>
  </datafield>
  <datafield tag="952" ind1=" " ind2=" ">
    <subfield code="0">0</subfield>
    <subfield code="1">0</subfield>
    <subfield code="2">lcc</subfield>
    <subfield code="4">0</subfield>
    <subfield code="7">0</subfield>
    <subfield code="a">MUC</subfield>
    <subfield code="b">MUC</subfield>
    <subfield code="d">2016-04-19</subfield>
    <subfield code="e">donation</subfield>
    <subfield code="l">0</subfield>
    <subfield code="o">REF RS 51.M4 2006</subfield>
    <subfield code="p">20642</subfield>
    <subfield code="r">2016-04-19</subfield>
    <subfield code="w">2016-04-19</subfield>
    <subfield code="y">REF_BOOK</subfield>
  </datafield>
  <datafield tag="952" ind1=" " ind2=" ">
    <subfield code="0">0</subfield>
    <subfield code="1">0</subfield>
    <subfield code="2">lcc</subfield>
    <subfield code="4">0</subfield>
    <subfield code="7">0</subfield>
    <subfield code="a">MUC</subfield>
    <subfield code="b">MUC</subfield>
    <subfield code="d">2016-04-19</subfield>
    <subfield code="e">donation</subfield>
    <subfield code="l">0</subfield>
    <subfield code="o">REF RS 51.M4 2006</subfield>
    <subfield code="p">20643</subfield>
    <subfield code="r">2016-04-19</subfield>
    <subfield code="w">2016-04-19</subfield>
    <subfield code="y">REF_BOOK</subfield>
  </datafield>
  <datafield tag="952" ind1=" " ind2=" ">
    <subfield code="0">0</subfield>
    <subfield code="1">0</subfield>
    <subfield code="2">lcc</subfield>
    <subfield code="4">0</subfield>
    <subfield code="7">0</subfield>
    <subfield code="a">MUC</subfield>
    <subfield code="b">MUC</subfield>
    <subfield code="d">2016-04-19</subfield>
    <subfield code="e">donation</subfield>
    <subfield code="l">0</subfield>
    <subfield code="o">REF RS 51.M4 2006</subfield>
    <subfield code="p">20644</subfield>
    <subfield code="r">2019-06-03</subfield>
    <subfield code="w">2016-04-19</subfield>
    <subfield code="y">REF_BOOK</subfield>
  </datafield>
  <datafield tag="952" ind1=" " ind2=" ">
    <subfield code="0">0</subfield>
    <subfield code="1">0</subfield>
    <subfield code="2">lcc</subfield>
    <subfield code="4">0</subfield>
    <subfield code="7">0</subfield>
    <subfield code="a">MUC</subfield>
    <subfield code="b">MUC</subfield>
    <subfield code="d">2016-04-19</subfield>
    <subfield code="e">donation</subfield>
    <subfield code="l">0</subfield>
    <subfield code="o">REF RS 51.M4 2006</subfield>
    <subfield code="p">20645</subfield>
    <subfield code="r">2016-04-19</subfield>
    <subfield code="w">2016-04-19</subfield>
    <subfield code="y">REF_BOOK</subfield>
  </datafield>
  <datafield tag="952" ind1=" " ind2=" ">
    <subfield code="0">0</subfield>
    <subfield code="1">0</subfield>
    <subfield code="2">lcc</subfield>
    <subfield code="4">0</subfield>
    <subfield code="7">0</subfield>
    <subfield code="a">MUC</subfield>
    <subfield code="b">MUC</subfield>
    <subfield code="d">2016-04-19</subfield>
    <subfield code="e">donation</subfield>
    <subfield code="l">0</subfield>
    <subfield code="o">REF RS 51.M4 2006</subfield>
    <subfield code="p">20646</subfield>
    <subfield code="r">2016-04-19</subfield>
    <subfield code="w">2016-04-19</subfield>
    <subfield code="y">REF_BOOK</subfield>
  </datafield>
  <datafield tag="952" ind1=" " ind2=" ">
    <subfield code="0">0</subfield>
    <subfield code="1">0</subfield>
    <subfield code="2">lcc</subfield>
    <subfield code="4">0</subfield>
    <subfield code="7">0</subfield>
    <subfield code="a">MUC</subfield>
    <subfield code="b">MUC</subfield>
    <subfield code="d">2016-04-19</subfield>
    <subfield code="e">donation</subfield>
    <subfield code="l">0</subfield>
    <subfield code="o">REF RS 51.M4 2006</subfield>
    <subfield code="p">20647</subfield>
    <subfield code="r">2019-06-03</subfield>
    <subfield code="w">2016-04-19</subfield>
    <subfield code="y">REF_BOOK</subfield>
  </datafield>
  <datafield tag="952" ind1=" " ind2=" ">
    <subfield code="0">0</subfield>
    <subfield code="1">0</subfield>
    <subfield code="2">lcc</subfield>
    <subfield code="4">0</subfield>
    <subfield code="7">0</subfield>
    <subfield code="a">MUC</subfield>
    <subfield code="b">MUC</subfield>
    <subfield code="d">2016-04-19</subfield>
    <subfield code="e">donation</subfield>
    <subfield code="l">0</subfield>
    <subfield code="o">REF RS 51.M4 2006</subfield>
    <subfield code="p">20648</subfield>
    <subfield code="r">2019-06-03</subfield>
    <subfield code="w">2016-04-19</subfield>
    <subfield code="y">REF_BOOK</subfield>
  </datafield>
  <datafield tag="952" ind1=" " ind2=" ">
    <subfield code="0">0</subfield>
    <subfield code="1">0</subfield>
    <subfield code="2">lcc</subfield>
    <subfield code="4">0</subfield>
    <subfield code="7">0</subfield>
    <subfield code="a">MUC</subfield>
    <subfield code="b">MUC</subfield>
    <subfield code="d">2016-04-19</subfield>
    <subfield code="e">donation</subfield>
    <subfield code="l">0</subfield>
    <subfield code="o">REF RS 51.M4 2006</subfield>
    <subfield code="p">20649</subfield>
    <subfield code="r">2019-06-03</subfield>
    <subfield code="w">2016-04-19</subfield>
    <subfield code="y">REF_BOOK</subfield>
  </datafield>
  <datafield tag="952" ind1=" " ind2=" ">
    <subfield code="0">0</subfield>
    <subfield code="1">0</subfield>
    <subfield code="2">lcc</subfield>
    <subfield code="4">0</subfield>
    <subfield code="7">0</subfield>
    <subfield code="a">MUC</subfield>
    <subfield code="b">MUC</subfield>
    <subfield code="d">2016-04-19</subfield>
    <subfield code="e">donation</subfield>
    <subfield code="l">0</subfield>
    <subfield code="o">REF RS 51.M4 2006</subfield>
    <subfield code="p">20650</subfield>
    <subfield code="r">2019-06-03</subfield>
    <subfield code="w">2016-04-19</subfield>
    <subfield code="y">REF_BOOK</subfield>
  </datafield>
  <datafield tag="952" ind1=" " ind2=" ">
    <subfield code="0">0</subfield>
    <subfield code="1">0</subfield>
    <subfield code="2">lcc</subfield>
    <subfield code="4">0</subfield>
    <subfield code="7">0</subfield>
    <subfield code="a">MUC</subfield>
    <subfield code="b">MUC</subfield>
    <subfield code="d">2016-04-19</subfield>
    <subfield code="e">donation</subfield>
    <subfield code="l">0</subfield>
    <subfield code="o">REF RS 51.M4 2006</subfield>
    <subfield code="p">20651</subfield>
    <subfield code="r">2019-06-03</subfield>
    <subfield code="w">2016-04-19</subfield>
    <subfield code="y">REF_BOOK</subfield>
  </datafield>
  <datafield tag="952" ind1=" " ind2=" ">
    <subfield code="0">0</subfield>
    <subfield code="1">0</subfield>
    <subfield code="2">lcc</subfield>
    <subfield code="4">0</subfield>
    <subfield code="7">0</subfield>
    <subfield code="a">MUC</subfield>
    <subfield code="b">MUC</subfield>
    <subfield code="d">2016-04-19</subfield>
    <subfield code="e">donation</subfield>
    <subfield code="l">0</subfield>
    <subfield code="o">REF RS 51.M4 2006</subfield>
    <subfield code="p">20652</subfield>
    <subfield code="r">2019-06-03</subfield>
    <subfield code="w">2016-04-19</subfield>
    <subfield code="y">REF_BOOK</subfield>
  </datafield>
  <datafield tag="952" ind1=" " ind2=" ">
    <subfield code="0">0</subfield>
    <subfield code="1">0</subfield>
    <subfield code="2">lcc</subfield>
    <subfield code="4">0</subfield>
    <subfield code="7">0</subfield>
    <subfield code="a">MUC</subfield>
    <subfield code="b">MUC</subfield>
    <subfield code="d">2016-04-19</subfield>
    <subfield code="e">donation</subfield>
    <subfield code="l">0</subfield>
    <subfield code="o">REF RS 51.M4 2006</subfield>
    <subfield code="p">20653</subfield>
    <subfield code="r">2019-06-03</subfield>
    <subfield code="w">2016-04-19</subfield>
    <subfield code="y">REF_BOOK</subfield>
  </datafield>
  <datafield tag="952" ind1=" " ind2=" ">
    <subfield code="0">0</subfield>
    <subfield code="1">0</subfield>
    <subfield code="2">lcc</subfield>
    <subfield code="4">0</subfield>
    <subfield code="7">0</subfield>
    <subfield code="a">MUC</subfield>
    <subfield code="b">MUC</subfield>
    <subfield code="d">2016-04-19</subfield>
    <subfield code="e">donation</subfield>
    <subfield code="l">0</subfield>
    <subfield code="o">REF RS 51.M4 2006</subfield>
    <subfield code="p">20654</subfield>
    <subfield code="r">2019-06-03</subfield>
    <subfield code="w">2016-04-19</subfield>
    <subfield code="y">REF_BOOK</subfield>
  </datafield>
  <datafield tag="952" ind1=" " ind2=" ">
    <subfield code="0">0</subfield>
    <subfield code="1">0</subfield>
    <subfield code="2">lcc</subfield>
    <subfield code="4">0</subfield>
    <subfield code="7">0</subfield>
    <subfield code="a">MUC</subfield>
    <subfield code="b">MUC</subfield>
    <subfield code="d">2016-04-19</subfield>
    <subfield code="e">donation</subfield>
    <subfield code="l">0</subfield>
    <subfield code="o">REF RS 51.M4 2006</subfield>
    <subfield code="p">20655</subfield>
    <subfield code="r">2019-06-04</subfield>
    <subfield code="w">2016-04-19</subfield>
    <subfield code="y">REF_BOOK</subfield>
  </datafield>
  <datafield tag="952" ind1=" " ind2=" ">
    <subfield code="0">0</subfield>
    <subfield code="1">0</subfield>
    <subfield code="2">lcc</subfield>
    <subfield code="4">0</subfield>
    <subfield code="7">0</subfield>
    <subfield code="a">MUC</subfield>
    <subfield code="b">MUC</subfield>
    <subfield code="d">2016-04-19</subfield>
    <subfield code="e">donation</subfield>
    <subfield code="l">0</subfield>
    <subfield code="o">REF RS 51.M4 2006</subfield>
    <subfield code="p">20656</subfield>
    <subfield code="r">2016-05-10</subfield>
    <subfield code="w">2016-04-19</subfield>
    <subfield code="y">REF_BOOK</subfield>
  </datafield>
  <datafield tag="952" ind1=" " ind2=" ">
    <subfield code="0">0</subfield>
    <subfield code="1">0</subfield>
    <subfield code="2">lcc</subfield>
    <subfield code="4">0</subfield>
    <subfield code="7">0</subfield>
    <subfield code="a">MUC</subfield>
    <subfield code="b">MUC</subfield>
    <subfield code="d">2016-04-19</subfield>
    <subfield code="e">donation</subfield>
    <subfield code="l">0</subfield>
    <subfield code="o">REF RS 51.M4 2006</subfield>
    <subfield code="p">20657</subfield>
    <subfield code="r">2016-04-19</subfield>
    <subfield code="w">2016-04-19</subfield>
    <subfield code="y">REF_BOOK</subfield>
  </datafield>
  <datafield tag="952" ind1=" " ind2=" ">
    <subfield code="0">0</subfield>
    <subfield code="1">0</subfield>
    <subfield code="2">lcc</subfield>
    <subfield code="4">0</subfield>
    <subfield code="7">0</subfield>
    <subfield code="a">MUC</subfield>
    <subfield code="b">MUC</subfield>
    <subfield code="d">2016-04-19</subfield>
    <subfield code="e">donation</subfield>
    <subfield code="l">0</subfield>
    <subfield code="o">REF RS 51.M4 2006</subfield>
    <subfield code="p">20658</subfield>
    <subfield code="r">2016-04-19</subfield>
    <subfield code="w">2016-04-19</subfield>
    <subfield code="y">REF_BOOK</subfield>
  </datafield>
  <datafield tag="952" ind1=" " ind2=" ">
    <subfield code="0">0</subfield>
    <subfield code="1">0</subfield>
    <subfield code="2">lcc</subfield>
    <subfield code="4">0</subfield>
    <subfield code="7">0</subfield>
    <subfield code="a">MUC</subfield>
    <subfield code="b">MUC</subfield>
    <subfield code="d">2016-04-19</subfield>
    <subfield code="e">donation</subfield>
    <subfield code="l">0</subfield>
    <subfield code="o">REF RS 51.M4 2006</subfield>
    <subfield code="p">20659</subfield>
    <subfield code="r">2019-06-03</subfield>
    <subfield code="w">2016-04-19</subfield>
    <subfield code="y">REF_BOOK</subfield>
  </datafield>
  <datafield tag="952" ind1=" " ind2=" ">
    <subfield code="0">0</subfield>
    <subfield code="1">0</subfield>
    <subfield code="2">lcc</subfield>
    <subfield code="4">0</subfield>
    <subfield code="7">0</subfield>
    <subfield code="a">MUC</subfield>
    <subfield code="b">MUC</subfield>
    <subfield code="d">2016-04-19</subfield>
    <subfield code="e">donation</subfield>
    <subfield code="l">0</subfield>
    <subfield code="o">REF RS 51.M4 2006</subfield>
    <subfield code="p">20660</subfield>
    <subfield code="r">2016-09-26</subfield>
    <subfield code="w">2016-04-19</subfield>
    <subfield code="y">REF_BOOK</subfield>
  </datafield>
  <datafield tag="952" ind1=" " ind2=" ">
    <subfield code="0">0</subfield>
    <subfield code="1">0</subfield>
    <subfield code="2">lcc</subfield>
    <subfield code="4">0</subfield>
    <subfield code="7">0</subfield>
    <subfield code="a">MUC</subfield>
    <subfield code="b">MUC</subfield>
    <subfield code="d">2016-04-19</subfield>
    <subfield code="e">donation</subfield>
    <subfield code="l">0</subfield>
    <subfield code="o">REF RS 51.M4 2006</subfield>
    <subfield code="p">20661</subfield>
    <subfield code="r">2019-06-03</subfield>
    <subfield code="w">2016-04-19</subfield>
    <subfield code="y">REF_BOOK</subfield>
  </datafield>
  <datafield tag="952" ind1=" " ind2=" ">
    <subfield code="0">0</subfield>
    <subfield code="1">0</subfield>
    <subfield code="2">lcc</subfield>
    <subfield code="4">0</subfield>
    <subfield code="7">0</subfield>
    <subfield code="a">MUC</subfield>
    <subfield code="b">MUC</subfield>
    <subfield code="c">REF</subfield>
    <subfield code="d">2016-04-19</subfield>
    <subfield code="e">donation</subfield>
    <subfield code="l">0</subfield>
    <subfield code="o">REF RS 51.M4 2006</subfield>
    <subfield code="p">20662</subfield>
    <subfield code="r">2019-06-04</subfield>
    <subfield code="w">2016-04-19</subfield>
    <subfield code="y">REF_BOOK</subfield>
  </datafield>
  <datafield tag="952" ind1=" " ind2=" ">
    <subfield code="0">0</subfield>
    <subfield code="1">0</subfield>
    <subfield code="2">lcc</subfield>
    <subfield code="4">0</subfield>
    <subfield code="7">0</subfield>
    <subfield code="a">MUC</subfield>
    <subfield code="b">MUC</subfield>
    <subfield code="d">2016-04-19</subfield>
    <subfield code="e">donation</subfield>
    <subfield code="l">0</subfield>
    <subfield code="o">REF RS 51.M4 2006</subfield>
    <subfield code="p">20663</subfield>
    <subfield code="r">2019-06-03</subfield>
    <subfield code="w">2016-04-19</subfield>
    <subfield code="y">REF_BOOK</subfield>
  </datafield>
  <datafield tag="952" ind1=" " ind2=" ">
    <subfield code="0">0</subfield>
    <subfield code="1">0</subfield>
    <subfield code="2">lcc</subfield>
    <subfield code="4">0</subfield>
    <subfield code="7">0</subfield>
    <subfield code="a">MUC</subfield>
    <subfield code="b">MUC</subfield>
    <subfield code="d">2016-04-19</subfield>
    <subfield code="e">donation</subfield>
    <subfield code="l">0</subfield>
    <subfield code="o">REF RS 51.M4 2006</subfield>
    <subfield code="p">20664</subfield>
    <subfield code="r">2019-06-03</subfield>
    <subfield code="w">2016-04-19</subfield>
    <subfield code="y">REF_BOOK</subfield>
  </datafield>
  <datafield tag="952" ind1=" " ind2=" ">
    <subfield code="0">0</subfield>
    <subfield code="1">0</subfield>
    <subfield code="2">lcc</subfield>
    <subfield code="4">0</subfield>
    <subfield code="7">0</subfield>
    <subfield code="a">MUC</subfield>
    <subfield code="b">MUC</subfield>
    <subfield code="d">2016-04-19</subfield>
    <subfield code="e">donation</subfield>
    <subfield code="l">0</subfield>
    <subfield code="o">REF RS 51.M4 2006</subfield>
    <subfield code="p">20665</subfield>
    <subfield code="r">2019-06-04</subfield>
    <subfield code="w">2016-04-19</subfield>
    <subfield code="y">REF_BOOK</subfield>
  </datafield>
  <datafield tag="952" ind1=" " ind2=" ">
    <subfield code="0">0</subfield>
    <subfield code="1">0</subfield>
    <subfield code="2">lcc</subfield>
    <subfield code="4">0</subfield>
    <subfield code="7">0</subfield>
    <subfield code="a">MUC</subfield>
    <subfield code="b">MUC</subfield>
    <subfield code="d">2016-04-19</subfield>
    <subfield code="l">0</subfield>
    <subfield code="o">REF RS 51.M4 2006</subfield>
    <subfield code="p">20666</subfield>
    <subfield code="r">2019-06-03</subfield>
    <subfield code="w">2016-04-19</subfield>
    <subfield code="y">REF_BOOK</subfield>
  </datafield>
  <datafield tag="952" ind1=" " ind2=" ">
    <subfield code="0">0</subfield>
    <subfield code="1">0</subfield>
    <subfield code="2">lcc</subfield>
    <subfield code="4">0</subfield>
    <subfield code="7">0</subfield>
    <subfield code="a">MUC</subfield>
    <subfield code="b">MUC</subfield>
    <subfield code="d">2016-04-19</subfield>
    <subfield code="l">0</subfield>
    <subfield code="o">REF RS 51.M4 2006</subfield>
    <subfield code="p">20667</subfield>
    <subfield code="r">2016-04-19</subfield>
    <subfield code="w">2016-04-19</subfield>
    <subfield code="y">REF_BOOK</subfield>
  </datafield>
  <datafield tag="952" ind1=" " ind2=" ">
    <subfield code="0">0</subfield>
    <subfield code="1">0</subfield>
    <subfield code="2">lcc</subfield>
    <subfield code="4">0</subfield>
    <subfield code="7">0</subfield>
    <subfield code="a">MUC</subfield>
    <subfield code="b">MUC</subfield>
    <subfield code="d">2016-04-19</subfield>
    <subfield code="l">0</subfield>
    <subfield code="o">REF RS 51.M4 2006</subfield>
    <subfield code="p">20668</subfield>
    <subfield code="r">2016-04-19</subfield>
    <subfield code="w">2016-04-19</subfield>
    <subfield code="y">REF_BOOK</subfield>
  </datafield>
  <datafield tag="952" ind1=" " ind2=" ">
    <subfield code="0">0</subfield>
    <subfield code="1">0</subfield>
    <subfield code="2">lcc</subfield>
    <subfield code="4">0</subfield>
    <subfield code="7">0</subfield>
    <subfield code="a">MUC</subfield>
    <subfield code="b">MUC</subfield>
    <subfield code="d">2016-04-19</subfield>
    <subfield code="l">0</subfield>
    <subfield code="o">REF RS 51.M4 2006</subfield>
    <subfield code="p">20669</subfield>
    <subfield code="r">2019-06-03</subfield>
    <subfield code="w">2016-04-19</subfield>
    <subfield code="y">REF_BOOK</subfield>
  </datafield>
  <datafield tag="952" ind1=" " ind2=" ">
    <subfield code="0">0</subfield>
    <subfield code="1">0</subfield>
    <subfield code="2">lcc</subfield>
    <subfield code="4">0</subfield>
    <subfield code="7">0</subfield>
    <subfield code="a">MUC</subfield>
    <subfield code="b">MUC</subfield>
    <subfield code="d">2016-04-19</subfield>
    <subfield code="l">0</subfield>
    <subfield code="o">REF RS 51.M4 2006</subfield>
    <subfield code="p">20670</subfield>
    <subfield code="r">2016-04-19</subfield>
    <subfield code="w">2016-04-19</subfield>
    <subfield code="y">REF_BOOK</subfield>
  </datafield>
  <datafield tag="952" ind1=" " ind2=" ">
    <subfield code="0">0</subfield>
    <subfield code="1">0</subfield>
    <subfield code="2">lcc</subfield>
    <subfield code="4">0</subfield>
    <subfield code="7">0</subfield>
    <subfield code="a">MUC</subfield>
    <subfield code="b">MUC</subfield>
    <subfield code="d">2016-04-19</subfield>
    <subfield code="l">0</subfield>
    <subfield code="o">REF RS 51.M4 2006</subfield>
    <subfield code="p">20671</subfield>
    <subfield code="r">2019-06-03</subfield>
    <subfield code="w">2016-04-19</subfield>
    <subfield code="y">REF_BOOK</subfield>
  </datafield>
  <datafield tag="952" ind1=" " ind2=" ">
    <subfield code="0">0</subfield>
    <subfield code="1">0</subfield>
    <subfield code="2">lcc</subfield>
    <subfield code="4">0</subfield>
    <subfield code="7">0</subfield>
    <subfield code="a">MUC</subfield>
    <subfield code="b">MUC</subfield>
    <subfield code="d">2016-04-19</subfield>
    <subfield code="l">0</subfield>
    <subfield code="o">REF RS 51.M4 2006</subfield>
    <subfield code="p">20672</subfield>
    <subfield code="r">2019-06-04</subfield>
    <subfield code="w">2016-04-19</subfield>
    <subfield code="y">REF_BOOK</subfield>
  </datafield>
  <datafield tag="952" ind1=" " ind2=" ">
    <subfield code="0">0</subfield>
    <subfield code="1">0</subfield>
    <subfield code="2">lcc</subfield>
    <subfield code="4">0</subfield>
    <subfield code="7">0</subfield>
    <subfield code="a">MUC</subfield>
    <subfield code="b">MUC</subfield>
    <subfield code="d">2016-04-19</subfield>
    <subfield code="l">0</subfield>
    <subfield code="o">REF RS 51.M4 2006</subfield>
    <subfield code="p">20673</subfield>
    <subfield code="r">2019-06-03</subfield>
    <subfield code="w">2016-04-19</subfield>
    <subfield code="y">REF_BOOK</subfield>
  </datafield>
  <datafield tag="952" ind1=" " ind2=" ">
    <subfield code="0">0</subfield>
    <subfield code="1">0</subfield>
    <subfield code="2">lcc</subfield>
    <subfield code="4">0</subfield>
    <subfield code="7">0</subfield>
    <subfield code="a">MUC</subfield>
    <subfield code="b">MUC</subfield>
    <subfield code="d">2016-04-19</subfield>
    <subfield code="l">0</subfield>
    <subfield code="o">REF RS 51.M4 2006</subfield>
    <subfield code="p">20674</subfield>
    <subfield code="r">2016-04-19</subfield>
    <subfield code="w">2016-04-19</subfield>
    <subfield code="y">REF_BOOK</subfield>
  </datafield>
  <datafield tag="952" ind1=" " ind2=" ">
    <subfield code="0">0</subfield>
    <subfield code="1">0</subfield>
    <subfield code="2">lcc</subfield>
    <subfield code="4">0</subfield>
    <subfield code="7">0</subfield>
    <subfield code="a">MUC</subfield>
    <subfield code="b">MUC</subfield>
    <subfield code="d">2016-04-19</subfield>
    <subfield code="l">0</subfield>
    <subfield code="o">REF RS 51.M4 2006</subfield>
    <subfield code="p">20675</subfield>
    <subfield code="r">2016-04-19</subfield>
    <subfield code="w">2016-04-19</subfield>
    <subfield code="y">REF_BOOK</subfield>
  </datafield>
  <datafield tag="952" ind1=" " ind2=" ">
    <subfield code="0">0</subfield>
    <subfield code="1">0</subfield>
    <subfield code="2">lcc</subfield>
    <subfield code="4">0</subfield>
    <subfield code="7">0</subfield>
    <subfield code="a">MUC</subfield>
    <subfield code="b">MUC</subfield>
    <subfield code="d">2016-04-19</subfield>
    <subfield code="l">0</subfield>
    <subfield code="o">REF RS 51.M4 2006</subfield>
    <subfield code="p">20676</subfield>
    <subfield code="r">2019-06-03</subfield>
    <subfield code="w">2016-04-19</subfield>
    <subfield code="y">REF_BOOK</subfield>
  </datafield>
  <datafield tag="952" ind1=" " ind2=" ">
    <subfield code="0">0</subfield>
    <subfield code="1">0</subfield>
    <subfield code="2">lcc</subfield>
    <subfield code="4">0</subfield>
    <subfield code="7">0</subfield>
    <subfield code="a">MUC</subfield>
    <subfield code="b">MUC</subfield>
    <subfield code="d">2016-04-19</subfield>
    <subfield code="l">0</subfield>
    <subfield code="o">REF RS 51.M4 2006</subfield>
    <subfield code="p">20677</subfield>
    <subfield code="r">2016-04-19</subfield>
    <subfield code="w">2016-04-19</subfield>
    <subfield code="y">REF_BOOK</subfield>
  </datafield>
  <datafield tag="952" ind1=" " ind2=" ">
    <subfield code="0">0</subfield>
    <subfield code="1">0</subfield>
    <subfield code="2">lcc</subfield>
    <subfield code="4">0</subfield>
    <subfield code="7">0</subfield>
    <subfield code="a">MUC</subfield>
    <subfield code="b">MUC</subfield>
    <subfield code="d">2016-04-19</subfield>
    <subfield code="l">0</subfield>
    <subfield code="o">REF RS 51.M4 2006</subfield>
    <subfield code="p">20678</subfield>
    <subfield code="r">2019-06-05</subfield>
    <subfield code="w">2016-04-19</subfield>
    <subfield code="y">REF_BOOK</subfield>
  </datafield>
  <datafield tag="952" ind1=" " ind2=" ">
    <subfield code="0">0</subfield>
    <subfield code="1">0</subfield>
    <subfield code="2">lcc</subfield>
    <subfield code="4">0</subfield>
    <subfield code="7">0</subfield>
    <subfield code="a">MUC</subfield>
    <subfield code="b">MUC</subfield>
    <subfield code="d">2016-04-19</subfield>
    <subfield code="l">0</subfield>
    <subfield code="o">REF RS 51.M4 2006</subfield>
    <subfield code="p">20679</subfield>
    <subfield code="r">2016-04-19</subfield>
    <subfield code="w">2016-04-19</subfield>
    <subfield code="y">REF_BOOK</subfield>
  </datafield>
  <datafield tag="952" ind1=" " ind2=" ">
    <subfield code="0">0</subfield>
    <subfield code="1">0</subfield>
    <subfield code="2">lcc</subfield>
    <subfield code="4">0</subfield>
    <subfield code="7">0</subfield>
    <subfield code="a">MUC</subfield>
    <subfield code="b">MUC</subfield>
    <subfield code="d">2016-04-19</subfield>
    <subfield code="l">0</subfield>
    <subfield code="o">REF RS 51.M4 2006</subfield>
    <subfield code="p">20680</subfield>
    <subfield code="r">2019-06-03</subfield>
    <subfield code="w">2016-04-19</subfield>
    <subfield code="y">REF_BOOK</subfield>
  </datafield>
  <datafield tag="952" ind1=" " ind2=" ">
    <subfield code="0">0</subfield>
    <subfield code="1">0</subfield>
    <subfield code="2">lcc</subfield>
    <subfield code="4">0</subfield>
    <subfield code="7">0</subfield>
    <subfield code="a">MUC</subfield>
    <subfield code="b">MUC</subfield>
    <subfield code="d">2016-04-19</subfield>
    <subfield code="l">0</subfield>
    <subfield code="o">REF RS 51.M4 2006</subfield>
    <subfield code="p">20681</subfield>
    <subfield code="r">2019-06-04</subfield>
    <subfield code="w">2016-04-19</subfield>
    <subfield code="y">REF_BOOK</subfield>
  </datafield>
  <datafield tag="952" ind1=" " ind2=" ">
    <subfield code="0">0</subfield>
    <subfield code="1">0</subfield>
    <subfield code="2">lcc</subfield>
    <subfield code="4">0</subfield>
    <subfield code="7">0</subfield>
    <subfield code="a">MUC</subfield>
    <subfield code="b">MUC</subfield>
    <subfield code="d">2016-04-19</subfield>
    <subfield code="l">0</subfield>
    <subfield code="o">REF RS 51.M4 2006</subfield>
    <subfield code="p">20682</subfield>
    <subfield code="r">2019-06-03</subfield>
    <subfield code="w">2016-04-19</subfield>
    <subfield code="y">REF_BOOK</subfield>
  </datafield>
  <datafield tag="952" ind1=" " ind2=" ">
    <subfield code="0">0</subfield>
    <subfield code="1">0</subfield>
    <subfield code="2">lcc</subfield>
    <subfield code="4">0</subfield>
    <subfield code="7">0</subfield>
    <subfield code="a">MUC</subfield>
    <subfield code="b">MUC</subfield>
    <subfield code="d">2016-04-19</subfield>
    <subfield code="l">0</subfield>
    <subfield code="o">REF RS 51.M4 2006</subfield>
    <subfield code="p">20683</subfield>
    <subfield code="r">2019-06-03</subfield>
    <subfield code="w">2016-04-19</subfield>
    <subfield code="y">REF_BOOK</subfield>
  </datafield>
  <datafield tag="952" ind1=" " ind2=" ">
    <subfield code="0">0</subfield>
    <subfield code="1">0</subfield>
    <subfield code="2">lcc</subfield>
    <subfield code="4">0</subfield>
    <subfield code="7">0</subfield>
    <subfield code="a">MUC</subfield>
    <subfield code="b">MUC</subfield>
    <subfield code="d">2016-04-19</subfield>
    <subfield code="l">0</subfield>
    <subfield code="o">REF RS 51.M4 2006</subfield>
    <subfield code="p">20684</subfield>
    <subfield code="r">2019-06-04</subfield>
    <subfield code="w">2016-04-19</subfield>
    <subfield code="y">REF_BOOK</subfield>
  </datafield>
  <datafield tag="952" ind1=" " ind2=" ">
    <subfield code="0">0</subfield>
    <subfield code="1">0</subfield>
    <subfield code="2">lcc</subfield>
    <subfield code="4">0</subfield>
    <subfield code="7">0</subfield>
    <subfield code="a">MUC</subfield>
    <subfield code="b">MUC</subfield>
    <subfield code="c">REF</subfield>
    <subfield code="d">2016-04-19</subfield>
    <subfield code="e">Donation</subfield>
    <subfield code="l">0</subfield>
    <subfield code="o">REF RS 51.M4 2006</subfield>
    <subfield code="p">20374</subfield>
    <subfield code="r">2019-06-06</subfield>
    <subfield code="w">2016-04-19</subfield>
    <subfield code="y">REF_BOOK</subfield>
  </datafield>
  <datafield tag="952" ind1=" " ind2=" ">
    <subfield code="0">0</subfield>
    <subfield code="1">0</subfield>
    <subfield code="2">lcc</subfield>
    <subfield code="4">0</subfield>
    <subfield code="7">0</subfield>
    <subfield code="a">MUC</subfield>
    <subfield code="b">MUC</subfield>
    <subfield code="d">2016-04-19</subfield>
    <subfield code="l">0</subfield>
    <subfield code="o">REF RS 51.M4 2006</subfield>
    <subfield code="p">20686</subfield>
    <subfield code="r">2016-04-19</subfield>
    <subfield code="w">2016-04-19</subfield>
    <subfield code="y">REF_BOOK</subfield>
  </datafield>
  <datafield tag="952" ind1=" " ind2=" ">
    <subfield code="0">0</subfield>
    <subfield code="1">0</subfield>
    <subfield code="2">lcc</subfield>
    <subfield code="4">0</subfield>
    <subfield code="7">0</subfield>
    <subfield code="a">MUC</subfield>
    <subfield code="b">MUC</subfield>
    <subfield code="d">2016-04-19</subfield>
    <subfield code="l">0</subfield>
    <subfield code="o">REF RS 51.M4 2006</subfield>
    <subfield code="p">20687</subfield>
    <subfield code="r">2019-06-03</subfield>
    <subfield code="w">2016-04-19</subfield>
    <subfield code="y">REF_BOOK</subfield>
  </datafield>
  <datafield tag="952" ind1=" " ind2=" ">
    <subfield code="0">0</subfield>
    <subfield code="1">0</subfield>
    <subfield code="2">lcc</subfield>
    <subfield code="4">0</subfield>
    <subfield code="7">0</subfield>
    <subfield code="a">MUC</subfield>
    <subfield code="b">MUC</subfield>
    <subfield code="d">2016-04-19</subfield>
    <subfield code="l">0</subfield>
    <subfield code="o">REF RS 51.M4 2006</subfield>
    <subfield code="p">20688</subfield>
    <subfield code="r">2019-06-03</subfield>
    <subfield code="w">2016-04-19</subfield>
    <subfield code="y">REF_BOOK</subfield>
  </datafield>
  <datafield tag="952" ind1=" " ind2=" ">
    <subfield code="0">0</subfield>
    <subfield code="1">0</subfield>
    <subfield code="2">lcc</subfield>
    <subfield code="4">0</subfield>
    <subfield code="7">0</subfield>
    <subfield code="a">MUC</subfield>
    <subfield code="b">MUC</subfield>
    <subfield code="d">2016-04-19</subfield>
    <subfield code="l">0</subfield>
    <subfield code="o">REF RS 51.M4 2006</subfield>
    <subfield code="p">20689</subfield>
    <subfield code="r">2016-04-19</subfield>
    <subfield code="w">2016-04-19</subfield>
    <subfield code="y">REF_BOOK</subfield>
  </datafield>
  <datafield tag="952" ind1=" " ind2=" ">
    <subfield code="0">0</subfield>
    <subfield code="1">0</subfield>
    <subfield code="2">lcc</subfield>
    <subfield code="4">0</subfield>
    <subfield code="7">0</subfield>
    <subfield code="a">MUC</subfield>
    <subfield code="b">MUC</subfield>
    <subfield code="d">2016-04-19</subfield>
    <subfield code="l">0</subfield>
    <subfield code="o">REF RS 51.M4 2006</subfield>
    <subfield code="p">20690</subfield>
    <subfield code="r">2019-06-03</subfield>
    <subfield code="w">2016-04-19</subfield>
    <subfield code="y">REF_BOOK</subfield>
  </datafield>
  <datafield tag="952" ind1=" " ind2=" ">
    <subfield code="0">0</subfield>
    <subfield code="1">0</subfield>
    <subfield code="2">lcc</subfield>
    <subfield code="4">0</subfield>
    <subfield code="7">0</subfield>
    <subfield code="a">MUC</subfield>
    <subfield code="b">MUC</subfield>
    <subfield code="d">2016-04-19</subfield>
    <subfield code="l">0</subfield>
    <subfield code="o">REF RS 51.M4 2006</subfield>
    <subfield code="p">20691</subfield>
    <subfield code="r">2016-04-19</subfield>
    <subfield code="w">2016-04-19</subfield>
    <subfield code="y">REF_BOOK</subfield>
  </datafield>
  <datafield tag="952" ind1=" " ind2=" ">
    <subfield code="0">0</subfield>
    <subfield code="1">0</subfield>
    <subfield code="2">lcc</subfield>
    <subfield code="4">0</subfield>
    <subfield code="7">0</subfield>
    <subfield code="a">MUC</subfield>
    <subfield code="b">MUC</subfield>
    <subfield code="d">2016-04-19</subfield>
    <subfield code="l">0</subfield>
    <subfield code="o">REF RS 51.M4 2006</subfield>
    <subfield code="p">20692</subfield>
    <subfield code="r">2016-04-19</subfield>
    <subfield code="w">2016-04-19</subfield>
    <subfield code="y">REF_BOOK</subfield>
  </datafield>
  <datafield tag="952" ind1=" " ind2=" ">
    <subfield code="0">0</subfield>
    <subfield code="1">0</subfield>
    <subfield code="2">lcc</subfield>
    <subfield code="4">0</subfield>
    <subfield code="7">0</subfield>
    <subfield code="a">MUC</subfield>
    <subfield code="b">MUC</subfield>
    <subfield code="d">2016-04-19</subfield>
    <subfield code="l">0</subfield>
    <subfield code="o">REF RS 51.M4 2006</subfield>
    <subfield code="p">20693</subfield>
    <subfield code="r">2016-04-19</subfield>
    <subfield code="w">2016-04-19</subfield>
    <subfield code="y">REF_BOOK</subfield>
  </datafield>
  <datafield tag="952" ind1=" " ind2=" ">
    <subfield code="0">0</subfield>
    <subfield code="1">0</subfield>
    <subfield code="2">lcc</subfield>
    <subfield code="4">0</subfield>
    <subfield code="7">0</subfield>
    <subfield code="a">MUC</subfield>
    <subfield code="b">MUC</subfield>
    <subfield code="d">2016-04-19</subfield>
    <subfield code="l">0</subfield>
    <subfield code="o">REF RS 51.M4 2006</subfield>
    <subfield code="p">20694</subfield>
    <subfield code="r">2016-04-19</subfield>
    <subfield code="w">2016-04-19</subfield>
    <subfield code="y">REF_BOOK</subfield>
  </datafield>
  <datafield tag="952" ind1=" " ind2=" ">
    <subfield code="0">0</subfield>
    <subfield code="1">0</subfield>
    <subfield code="2">lcc</subfield>
    <subfield code="4">0</subfield>
    <subfield code="7">0</subfield>
    <subfield code="a">MUC</subfield>
    <subfield code="b">MUC</subfield>
    <subfield code="d">2016-04-19</subfield>
    <subfield code="l">0</subfield>
    <subfield code="o">REF RS 51.M4 2006</subfield>
    <subfield code="p">20695</subfield>
    <subfield code="r">2019-06-03</subfield>
    <subfield code="w">2016-04-19</subfield>
    <subfield code="y">REF_BOOK</subfield>
  </datafield>
  <datafield tag="952" ind1=" " ind2=" ">
    <subfield code="0">0</subfield>
    <subfield code="1">0</subfield>
    <subfield code="2">lcc</subfield>
    <subfield code="4">0</subfield>
    <subfield code="7">0</subfield>
    <subfield code="a">MUC</subfield>
    <subfield code="b">MUC</subfield>
    <subfield code="d">2016-04-19</subfield>
    <subfield code="l">0</subfield>
    <subfield code="o">REF RS 51.M4 2006</subfield>
    <subfield code="p">20696</subfield>
    <subfield code="r">2019-06-03</subfield>
    <subfield code="w">2016-04-19</subfield>
    <subfield code="y">REF_BOOK</subfield>
  </datafield>
  <datafield tag="952" ind1=" " ind2=" ">
    <subfield code="0">0</subfield>
    <subfield code="1">0</subfield>
    <subfield code="2">lcc</subfield>
    <subfield code="4">0</subfield>
    <subfield code="7">0</subfield>
    <subfield code="a">MUC</subfield>
    <subfield code="b">MUC</subfield>
    <subfield code="d">2016-04-19</subfield>
    <subfield code="l">0</subfield>
    <subfield code="o">REF RS 51.M4 2006</subfield>
    <subfield code="p">20697</subfield>
    <subfield code="r">2016-04-19</subfield>
    <subfield code="w">2016-04-19</subfield>
    <subfield code="y">REF_BOOK</subfield>
  </datafield>
  <datafield tag="952" ind1=" " ind2=" ">
    <subfield code="0">0</subfield>
    <subfield code="1">0</subfield>
    <subfield code="2">lcc</subfield>
    <subfield code="4">0</subfield>
    <subfield code="7">0</subfield>
    <subfield code="a">MUC</subfield>
    <subfield code="b">MUC</subfield>
    <subfield code="d">2016-04-19</subfield>
    <subfield code="l">0</subfield>
    <subfield code="o">REF RS 51.M4 2006</subfield>
    <subfield code="p">20698</subfield>
    <subfield code="r">2016-04-19</subfield>
    <subfield code="w">2016-04-19</subfield>
    <subfield code="y">REF_BOOK</subfield>
  </datafield>
  <datafield tag="952" ind1=" " ind2=" ">
    <subfield code="0">0</subfield>
    <subfield code="1">0</subfield>
    <subfield code="2">lcc</subfield>
    <subfield code="4">0</subfield>
    <subfield code="7">0</subfield>
    <subfield code="a">MUC</subfield>
    <subfield code="b">MUC</subfield>
    <subfield code="d">2016-04-19</subfield>
    <subfield code="l">0</subfield>
    <subfield code="o">REF RS 51.M4 2006</subfield>
    <subfield code="p">20699</subfield>
    <subfield code="r">2016-04-19</subfield>
    <subfield code="w">2016-04-19</subfield>
    <subfield code="y">REF_BOOK</subfield>
  </datafield>
</record>
